Fundamentals of financial management. / (Record no. 7475)
[ view plain ]
| 000 -LEADER | |
|---|---|
| fixed length control field | 01716nam a22002657a 4500 |
| 003 - CONTROL NUMBER IDENTIFIER | |
| control field | OSt |
| 005 - DATE AND TIME OF LATEST TRANSACTION | |
| control field | 20220318102423.0 |
| 008 - FIXED-LENGTH DATA ELEMENTS--GENERAL INFORMATION | |
| fixed length control field | 200310b xxu||||| |||| 00| 0 eng d |
| 010 ## - LIBRARY OF CONGRESS CONTROL NUMBER | |
| LC control number | 2011941653 |
| 020 ## - INTERNATIONAL STANDARD BOOK NUMBER | |
| International Standard Book Number | 9780538482431 |
| 020 ## - INTERNATIONAL STANDARD BOOK NUMBER | |
| International Standard Book Number | 0538482435 |
| 040 ## - CATALOGING SOURCE | |
| Transcribing agency | LC |
| 050 ## - LIBRARY OF CONGRESS CALL NUMBER | |
| Classification number | HG4026.B76 |
| 100 ## - MAIN ENTRY--PERSONAL NAME | |
| Personal name | Brigham, Eugene F. |
| 245 ## - TITLE STATEMENT | |
| Title | Fundamentals of financial management. / |
| Statement of responsibility, etc. | Eugene F. Brigham and Joel F. Houston. |
| 250 ## - EDITION STATEMENT | |
| Edition statement | 13th ed. |
| 260 ## - PUBLICATION, DISTRIBUTION, ETC. | |
| Place of publication, distribution, etc. | Mason, OH: |
| Name of publisher, distributor, etc. | South-Western Cengage Learning, |
| Date of publication, distribution, etc. | 2013. |
| 300 ## - PHYSICAL DESCRIPTION | |
| Extent | xxi, 733 p. : |
| Other physical details | ill. ; |
| Dimensions | 29 cm. |
| 500 ## - GENERAL NOTE | |
| General note | Includes appendixes and index. |
| 505 ## - FORMATTED CONTENTS NOTE | |
| Formatted contents note | ???Content: Part 1: Introduction to financial management:: An overview of financial management -- Financial markets and institutions -- Part 2: Fundamental concepts in financial management: Financial statements, cash flow, and taxes -- Analysis of financial statements -- Time value of money -- Part 3: Financial assets: Interest rates -- Bonds and their valuation -- Risk and rates of return -- Stocks and their valuation -- Part 4: Investing in long-term assets: capital budgeting: The cost of capital -- The basics of capital budgeting -- Cash flow estimation and risk analysis -- Part 4: Capital structure and dividend policy: Capital structure and leverage -- Distributions to shareholders: dividends and share repurchases -- Part 6: Working capital management, forecasting, and multinational financial management: Working capital management -- Financial planning and forecasting -- Multinational financial management. |
| 650 ## - SUBJECT ADDED ENTRY--TOPICAL TERM | |
| Source of heading or term | |
| Form subdivision | Corporations -- Finance. |
| 650 ## - SUBJECT ADDED ENTRY--TOPICAL TERM | |
| Source of heading or term | Business enterprises -- United States -- Finance. |
| 700 ## - ADDED ENTRY--PERSONAL NAME | |
| Personal name | Houston, Joel F. |
| 942 ## - ADDED ENTRY ELEMENTS (KOHA) | |
| Source of classification or shelving scheme | Library of Congress Classification |
| Koha item type | Books |
| Withdrawn status | Lost status | Source of classification or shelving scheme | Damaged status | Not for loan | Home library | Current library | Shelving location | Date acquired | Full call number | Barcode | Date last seen | Price effective from | Koha item type |
|---|---|---|---|---|---|---|---|---|---|---|---|---|---|
| Library of Congress Classification | WISCONSIN INTERNATIONAL UNIVERSITY COLLEGE, GHANA KUMASI LIBRARY | WISCONSIN INTERNATIONAL UNIVERSITY COLLEGE, GHANA KUMASI LIBRARY | General Stacks | 15/11/2019 | HG4026.B76(13e) | K/2470/2470/19 | 13/07/2020 | 13/07/2020 | Books |
